00687nam a22001817a 4500999001900000005001700019010001300036020002500049035001300074037001700087100001700104245003700121260003500158270012300193300002100316942002000337952014800357 c192223d19222320220919105445.0 aB-745518 a978390697335c250.00 aB-745518 bPharos Books aLang, Andrew aThe Red Fairy Book/cAndrew Lang aEast DelhibPharos Booksc2021 aPlot No. -55, Main Mother Dairy Road Pandav Nagar, East DelhibEast Delhie110092k011-403958555msales@pharosbooks.in a376p.c21cm(pbk) 2ddccENmLANhS 001040708FICaLbLd2022-09-19e5.9.22/Giftg250.00l4m2oS LANpB-745518r2024-12-16 00:00:00s2024-11-27t1v250.00w2022-09-19yENzGift